Wortgemisch-Städte in Ostdeutschland - Statistiken

Allgemein
  • Dieses Quiz wurde 5.847 mal gespielt
    5.764 seit der letzten Aktualisierung
  • Das Durchschnittsergebnis liegt bei 9 aus 16
Antwortstatistiken
Stadt % Korrekt
Jena
94%
Gera
85%
Dresden
84%
Leipzig
84%
Görlitz
79%
Rostock
74%
Chemnitz
73%
Potsdam
73%
Weimar
71%
Zwickau
70%
Cottbus
69%
Erfurt
68%
Magdeburg
67%
Gotha
64%
Halle (Saale)
63%
Schwerin
61%
Frankfurt (Oder)
59%
Wismar
57%
Brandenburg
55%
Pirna
49%
Neubrandenburg
44%
Plauen
42%
Zittau
42%
Dessau-Roßlau
35%
Hoyerswerda
33%
Greifswald
31%
Stralsund
29%
Wittenberg
26%
Bernau
18%
Neustrelitz
15%
Oranienburg
15%
Keine übereinstimmenden Quizze gefunden
Verteilung der Resultate
Anzahl Personen mit jedem Resultat
Perzentil nach korrekt beantworteten Fragen
Ihre Resultats-Entwicklung
Sie haben dieses Quiz seit der letzten Aktualisierung nicht gespielt